Emoji Quiz #30 - Statistics

General Stats
  • This quiz has been taken 39 times
  • The average score is 18 of 25
Answer Stats
Hint Answer % Correct
🌭 {hot} {dog}
100%
🥚 {egg}
97%
🍿 {popcorn}
97%
🧂 {salt}
97%
🥓 {bacon}
94%
🍟 {french} {fries}
94%
🌮 {taco}
88%
🍞 {bread}
84%
🌯 {burrito}
84%
🧈 {butter}
84%
🥞 {pancakes}
84%
🧇 {waffle}
84%
🥐 {croissant}
81%
🥗 green {salad}
81%
🥯 {bagel}
78%
🍖 {meat} on stick
78%
🥪 {sandwich}
78%
🧀 {cheese} wedge
75%
🥨 {pretzel}
72%
🥫 {canned} food
69%
🥖 {baguette} bread
63%
🫔 {tamale}
31%
🍳 {cooking}
25%
🫓 {flatbread}
13%
🍗 {poultry} leg
13%
No matching quizzes found
Score Distribution
Percent of People with Each Score
Percentile by Number Answered
Your Score History
You have not taken this quiz